000 00548nam a2200181Ia 4500
003 LK-CoDNM
008 010623t1923 xxu||||| |||| 00| 1 sin d
040 _aLK-CoDNM
_dLK-CoDNM
_eLK-CoDNM
041 _asin
080 _a104 C 8
100 _aJayasekara,Haramanis.
245 _aමහියංගන වර්නනාව සහ මාර්ග විස්තරය
246 _aMahiyangana Varnanaawa Saha Maarga Vistaraya
260 _bSaddhamma Prakasa
_aAlutgama
_c1923
300 _b13p, 21 cm
650 _aMahiyanganaya
942 _cBK
999 _c91859
_d91859